| 000 | 00894nam a2200253 a 4500 | ||
|---|---|---|---|
| 005 | 20230202063645.0 | ||
| 008 | 150225s1983 mx r 000 0 spa d | ||
| 020 | _a847423199X | ||
| 035 | _aUPN01000202103 | ||
| 049 | _aCG | ||
| 050 | 4 |
_aP37 _bT4.6 |
|
| 245 | 0 | 0 |
_aTeorías del lenguaje, teorías del aprendizaje : _bel debate entre Jean Piaget y Noam Chomsky / _ccoord. Massimo Piattelli-Palmarini ; tr. Silvia Furió. |
| 260 |
_aBarcelona, Esp. : _bCrítica, _cc1983. |
||
| 300 | _a456 p. | ||
| 440 | 0 |
_aGeneral ; _v108 _pEstudios y ensayos |
|
| 534 |
_pTítulo original: _tThéories du langage, theories de l´apprentissage |
||
| 650 | 7 |
_aPsicolingüística _2 _9109 |
|
| 600 | 1 | 4 |
_aCHOMSKY, NOAM, _d1928- |
| 600 | 1 | 4 |
_aPIAGET, JEAN, _d1896-1980 |
| 650 | 4 |
_aCognición _96446 |
|
| 700 | 1 |
_aPiattelli-Palmarini, Massimo, _d1942- _ecoord. _938089 |
|
| 905 | _aLibro | ||
| 999 |
_c174204 _d174204 |
||